| 000 | 00692nam a22002297a 4500 | ||
|---|---|---|---|
| 999 |
_c13336 _d13336 |
||
| 003 | AR-CdUCM | ||
| 008 | 190415b ||||| |||| 00| 0 spa d | ||
| 040 |
_aMUNICIPALIDAD PROVINCIAL DEL CUSCO _cBIBLIOTECA MUNICIPAL DEL CUSCO |
||
| 082 |
_aES / 373.869 / _bV23 |
||
| 100 |
_aVallejo, Cesar _913046 |
||
| 245 | _aPaco yunque y otros cuentos peruanos / | ||
| 260 |
_aLima : _bEdiciones cultura peruana, _c2002. |
||
| 300 |
_a157 paginas ; _c16 cm. |
||
| 500 | _aEdiciones cultura peruana | ||
| 505 | _aCuentos e historias | ||
| 650 |
_aCuentos _9217 |
||
| 650 |
_aHistoria _9136 |
||
| 650 |
_aLiteratura _983 |
||
| 650 |
_aPerĂº _935 |
||
| 942 |
_2ddc _cLIBROS |
||
| 945 |
_apjha _d2019-04-15 |
||